Medaliści Mistrzostw Świata w Lotach Narciarskich 2024 - Statystyki

Ogólne statystyki
  • Ten quiz został rozwiązany 34 razy
  • Średni wynik to 13 z 15
Statystyki odpowiedzi
Konkurs Miejsce Reprezentancja Zawodnik % Poprawnych
1. Domen Prevc
100%
3. Karl Geiger
100%
1. Peter Prevc
100%
Indywidualny 1. Austria Stefan Kraft
100%
2. Stefan Kraft
100%
2. Niemcy Andreas Wellinger
96%
3. Andreas Wellinger
96%
3. Słowenia Timi Zajc
96%
1. Timi Zajc
96%
2. Jan Hörl
93%
2. Manuel Fettner
82%
3. Niemcy Pius Paschke
79%
Drużynowy 1. Słowenia Lovro Kos
75%
2. Austria Michael Hayböck
71%
3. Stephan Leyhe
61%
Nie znaleziono quizów pasujących do podanych kryteriów
Rozkład punktacji
Procent ludzi z każdym wynikiem
Percentyl według liczby udzielonych odpowiedzi
Twoja historia wyników
Nie rozwiązałeś tego quizu